Star Wars Characters By Letter - D - Statistics

General Stats
  • This quiz has been taken 104 times
  • The average score is 11 of 16
Answer Stats
Picture Answer % Correct
Darth Vader
100%
D-0
97%
Din Djarin
91%
Dex Tiree
82%
Director Orson Krennic
79%
Duchess Satine Kryze
77%
Dengar
76%
Dexter Jettster
76%
Doctor Aphra
69%
Dr. Pershing
69%
Doctor Cornelius Evazan
68%
DJ
63%
Dryden Vos
58%
Dak Ralter
40%
Droopy McCool
31%
Dedra Meero
27%
No matching quizzes found
Score Distribution
Percent of People with Each Score
Percentile by Number Answered
Your Score History
You have not taken this quiz